MDQL
is popping MORE tags! Check the
thread
!
Quizzes
Events
Quiz Creation
Community
Videos
Private Events
Remove Ads
Sign In
Join for FREE
Feedback
Dark Mode
Quiz Categories
Sports
Geography
Music
Movies
Television
Just For Fun
Miscellaneous
History
Literature
Language
Science
Gaming
Entertainment
Religion
Holiday
For Kids
Quiz Lab
Recent
Popular Today
Quiz Kudos Today
Editor Picks
Curator Picks
Quizzes by...
Day
Popularity
Type
Ratings
Length
Year
Community
Subscriptions
Recent Discussions
Orange Saloon
Badges
Playlists
Quests
Create
Leaderboards
Showdown
Live 5
Trivia Bingo
Activity
Puzzle Library
Sporcle Events
Private Events
Virtual Trivia
Globe League
Become a Host
Pub Owners
SporcleCon
Opinionation
Our Games
Videos
Blog
Mobile Apps
Partnerships
Remove Ads and Go Orange
Feedback
Gaming
Video Games
Board Games
Card Games
Pokémon
Mario
Nintendo
Minecraft
Console
Toys
Legend of Zelda
Gaming
Video Games
Board Games
Card Games
Pokémon
Mario
Nintendo
Minecraft
Console
Toys
Legend of Zelda
Random Quiz
Search Sporcle
×
Quiz Lab
Quiz Lab
Gaming
Pokémon
Type in answers that appear in a list
Type in answers that appear in a list
Classic
Best Score? Go Orange.
Alle Pokemon 7. Generation ( deutsch / GERman ) Stats
Kennst du alle Pokémon der 7. Generation (deutsch/GER)? inkl. Ultrasonne Ultramond Update!
By
Mychroway
9m
88 Questions
5,132 Plays
5,132 Plays
5,132 Plays
Comments
Comments
Give Quiz Kudos
Give Quiz Kudos
-
- Ratings
hide this ad
Replay
Link that replays current quiz
Next Quiz
Link to next quiz in quiz playlist
You Got
0%
They Got
Avg Score
65%
Avg Friend Score
Upgrade to see
Score Distribution
Jump to the score distribution portion of the page
Score
0/88
Timer
09:00
0
Plays Today
Nr.
Pokémon
% Correct
722
Bauz
97.5%
725
Flamiau
94.1%
728
Robball
91.9%
792
Lunala
91.1%
727
Fuegro
90.7%
791
Solgaleo
90.6%
724
Silvarro
88.6%
730
Primarene
87.8%
726
Miezunder
86.5%
733
Tukanon
80.2%
729
Marikeck
78.2%
731
Peppeck
77.9%
734
Mangunior
77.6%
737
Akkup
77.3%
785
Kapu-Riki
76.3%
735
Manguspektor
76.3%
732
Trompeck
76.2%
789
Cosmog
76.1%
744
Wuffels
75.9%
800
Necrozma
75.7%
723
Arboretoss
75.3%
745
Wolwerock
75.1%
738
Donarion
73.9%
787
Kapu-Toro
73.8%
786
Kapu-Fala
73.6%
795
Schabelle
73.4%
778
Mimigma
73.2%
799
Schlingking
71.8%
788
Kapu-Kime
71.6%
794
Masskito
71.1%
Nr.
Pokémon
% Correct
793
Anego
71.1%
736
Mabula
70.5%
790
Cosmovum
69.7%
746
Lusardin
69.1%
784
Grandiras
69%
750
Pampross
68.9%
758
Amfira
68%
749
Pampuli
67.5%
777
Togedemaru
67.3%
782
Miniras
66.4%
798
Katagami
66.1%
757
Molunk
65.8%
783
Mediras
65.5%
739
Krabbox
64.6%
805
Muramura
63.7%
796
Voltriant
63.6%
754
Mantidea
63.3%
741
Choreogel
62.8%
807
Zeraora
61.7%
763
Fruyal
61.6%
776
Tortunator
61.1%
806
Kopplosio
60.6%
802
Marshadow
60.5%
768
Tectass
60.5%
742
Wommel
60.5%
753
Imantis
60.3%
752
Aranestro
60.2%
809
Melmetal
60.2%
761
Frubberl
60.1%
808
Meltan
59.9%
Nr.
Pokémon
% Correct
767
Reißlaus
59.7%
743
Bandelby
59.3%
740
Krawell
59.2%
772
Typ:Null
59.2%
751
Araqua
58.8%
780
Sen-Long
57.8%
762
Frubaila
57.7%
797
Kaguron
57.6%
801
Magearna
57.5%
803
Venicro
56.7%
773
Amigento
56.7%
748
Aggrostella
56.6%
747
Garstella
55.9%
765
Kommandutan
54.5%
760
Kosturso
53.4%
804
Agoyon
53.4%
769
Sankabuh
52.8%
779
Knirfish
52.6%
759
Velursi
52.3%
770
Colossand
51.7%
764
Curelei
49.1%
774
Meteno
49.1%
766
Quartermak
49%
781
Moruda
48.5%
771
Gufa
48.2%
756
Lamellux
46.1%
775
Koalelu
45.7%
755
Bubungus
44.6%
Quiz Playlist
Details
Report
Send in Message
Add To Playlist
Classic:
Type in answers that appear in a list
Last Updated: Jul 19, 2022
Quiz Scoreboard
CHALLENGE
Sign Up to Join the Scoreboard
Show All
Scores
Hide
Comments
May contain spoilers
Recently Published
1-10 Letter E Words III
by El_Dandy
Language
2m
Street Fighter Characters
by Artimus82
Gaming
60s
College Basketball Coaching Resumes
by pancakes188
Sports
9m
More to Explore
Quiz From the Vault
Featured Blog Post
Where Did the Easter Bunny Come From?
hide this ad
You Might Also Like...
Tags
German Quiz
Pokémon Quiz
All Pokémon
alola
challenge
Der
deutsch
Generation
Today's Top Quizzes in Gaming
Browse Gaming
hide this ad
Today's Top Quizzes in Pokémon
Browse Pokémon
Top Contributed Quizzes in Gaming
1
5-to-1: Consoles
2
7-to-1: Board Game Piece Blitz
3
5-to-1: Legend of Zelda
4
League of Legends Pro Players by Career/Team History
5
Destiny 2 exotic weapons by perk icons
6
Ultimate Genshin Impact Logic Puzzle (up to 4.3)
7
Franchise by Action Figure
8
Who's on the WWE 2K24 Cover?
9
Genshin Impact Logic Puzzle Quiz
10
Order the Pokémon Regions
Explore More
Trending Topics
Disney
Harry Potter
Kpop
NBA
Marvel
Crossword
Anime
The Office
Country
Puzzle
Soccer
Pokémon
NFL
WWE
Song
hide this ad
More By:
Mychroway
Quiz
Plays
Rating
Category
Featured
Created
Alle Pokemon 1. Generation ( deutsch / GERman )
26,817
5.00
Gaming
Jun 21, 2016
Alle Pokemon 3. Generation ( deutsch / GERman )
16,670
5.00
Gaming
Jul 1, 2016
Alle Pokemon 4. Generation ( deutsch / GERman )
16,618
5.00
Gaming
Jun 20, 2016
Alle Pokemon 2. Generation ( deutsch / GERman )
9,321
5.00
Gaming
Apr 17, 2016
Alle Pokemon 5. Generation ( deutsch / GERman )
9,163
5.00
Gaming
Jul 3, 2016
Go to Creator's Profile
Score Distribution
Quiz Creator Spotlight
Mychroway
Follow
Send a Message
Quizzes Created
-
Created Quiz Play Count
-
More By This Creator
Popular Quizzes Today
1
Find the US States - No Outlines Minefield
2
Find the Countries of Europe - No Outlines Minefield
3
The Countries of the World
4
Find the US States
5
Risky Map Clicking: Biggest States A-Z
6
US States
7
Popular People in 1961
8
Movies - When Are They Set?
More Gaming Quizzes
Pokémon Trading Card Game Attack
Editor's Pick
Trending Quizzes
Risky Map Clicking: Least Populous States A-Z
Billboard Blitz: Aretha Franklin
Famous Russians: Author or Composer?
1-10 Letter G Words
Countries of the World: 200 Million BC
Recently Updated
Leaping Animals
pecheneg
Reality TV Shows (A-Z)
bhenderson79
Rickey Henderson's Hall of Fame Teammates
pecheneg
Champions League XIs: Arsenal
pecheneg
Quick Pick: Celebrities in WWE's Hall of Fame
aduchscher
A-Z Keypad Blitz II
pecheneg
Multiple Oscar Actors
pecheneg
Mystery Phrase Blitz: Oscar 'Best Actors'
pecheneg
F. Scott Fitzgerald Novels
LTH
Pick 3 Villains
ddd62291
Trending Topics
Anime
NBA
Disney
Harry Potter
Crossword
Marvel
Kpop
Puzzle
Country
WWE
The Office
NFL
Pokémon
Soccer
Song
Your Account Isn't Verified!
In order to create a playlist on Sporcle, you need to verify the email address you used during registration. Go to your
Sporcle Settings
to finish the process.
Report this User
Report this user for behavior that violates our
Community Guidelines
.
Details:
Send Report
Go to the Sporcle.com Mobile Site →
Comments